Operations Research: Theory and Applications (Record no. 39)

MARC details
000 -LEADER
fixed length control field 00388nam a22001577a 4500
005 - DATE AND TIME OF LATEST TRANSACTION
control field 20260507161351.0
008 - FIXED-LENGTH DATA ELEMENTS--GENERAL INFORMATION
fixed length control field 160426b xxu||||| |||| 00| 0 eng d
020 ## - INTERNATIONAL STANDARD BOOK NUMBER
ISBN 023-063-885-6
041 ## - LANGUAGE CODE
Language code of text/sound track or separate title eng
082 ## - DEWEY DECIMAL CLASSIFICATION NUMBER
Classification number 658.4034
100 ## - MAIN ENTRY--AUTHOR NAME
Personal name Sharma, JK
245 ## - TITLE STATEMENT
Title Operations Research: Theory and Applications
260 ## - PUBLICATION, DISTRIBUTION, ETC. (IMPRINT)
Place of publication Delhi
Name of publisher Macmillan India Ltd,
Year of publication 2009
300 ## - PHYSICAL DESCRIPTION
Number of Pages 958
942 ## - ADDED ENTRY ELEMENTS (KOHA)
Koha item type Books
Holdings
Lost status Damaged status Collection code Home library Current library Shelving location Date acquired Cost, normal purchase price Full call number Accession Number Koha item type
    MANAGEMENT JRU Library JRU Library SHELF-76-D 26/04/2016 465.00 658.4034 00140 Books
      JRU Library   SHELF-76-D 26/04/2016 465.00 658.4034 00141 Books
      JRU Library   SHELF-76-D 26/04/2016 465.00 658.4034 00142 Books
      JRU Library     26/04/2016 465.00 00140 00143 Books
Missing     JRU Library JRU Library   26/04/2016 465.00 00140 00144 Books
    MANAGEMENT JRU Library JRU Library SHELF-76-D 26/04/2016 465.00 00140 00145 Books
    Reference JRU Library   SHELF -72 - J 26/04/2016 465.00 00140 00146 Books
    MANAGEMENT JRU Library JRU Library SHELF-76-D 26/04/2016 465.00 658.4034 00147 Books
    MANAGEMENT JRU Library JRU Library SHELF-76-D 26/04/2016 465.00 00140 00148 Books
    MANAGEMENT JRU Library JRU Library SHELF-76-D 26/04/2016 465.00 00140 00149 Books